ペンギン - Statistics

General Stats
  • This quiz has been taken 81 times
  • The average score is 7 of 18
Answer Stats
Answer % Correct
コウテイペンギン
96%
アデリーペンギン
65%
キングペンギン
62%
フンボルトペンギン
61%
ジェンツーペンギン
46%
コガタペンギン
36%
ケープペンギン
35%
マカロニペンギン
33%
マゼランペンギン
32%
ガラパゴスペンギン
32%
ヒゲペンギン
28%
キタイワトビペンギン
22%
ミナミイワトビペンギン
20%
ロイヤルペンギン
19%
シュレーターペンギン
19%
キガシラペンギン
17%
フィヨルドランドペンギン
17%
スネアーズペンギン
13%
No matching quizzes found
Score Distribution
Percent of People with Each Score
Percentile by Number Answered
Your Score History
You have not taken this quiz